| 000 | 01033nac a22002651u 4500 | ||
|---|---|---|---|
| 008 | 100511t xxu||||| |||| 00| 0 eng d | ||
| 010 | _a 2001039852 | ||
| 020 | _a1578517001 (alk. paper) | ||
| 082 | 0 | 0 |
_a658.3008 _222 _bHAR |
| 100 |
_a20080729 _913863 |
||
| 245 | 0 | 0 | _aHarvard business review on managing diversity. |
| 246 | 3 | 0 | _aManaging diversity |
| 260 |
_aBoston : _bHarvard Business School Press,2001 _cc2001. |
||
| 300 |
_avii, 222 p. ; _c21 cm. |
||
| 490 | 1 |
_aA Harvard business review paperback _913868 |
|
| 500 | _adistributer: Al-Ahram | ||
| 504 | _aIncludes index. | ||
| 511 | _acatalgued by: wessam | ||
| 650 | 0 |
_aDiversity in the workplace. _913864 |
|
| 650 | 0 |
_aPersonnel management. _913865 |
|
| 710 | 2 |
_aHarvard Business School. _bPress. _913866 |
|
| 830 | 0 |
_aHarvard business review paperback series. _913867 |
|
| 942 |
_cBB _k658.3008HAR _2ddc |
||
| 999 |
_c7349 _d7349 |
||